Statistics for Most Expensive Transfers All Time

Click here to take the quiz!

General Stats

  • This quiz has been taken 37 times
  • The average score is 9 of 10

Answer Stats

FeeYearFromToPlayer% Correct
€222M2017BarcelonaPSGNeymar
100%
€117M2021Aston VillaManchester CityJack Grealish
97%
€180M2018MonacoPSGKylian Mbappé
97%
€120M2019Atletico MadridBarcelonaAntoine Griezmann
94%
€105M2016JuventusManchester UnitedPaul Pogba
94%
€145M2018LiverpoolBarcelonaPhilippe Coutinho
94%
€100M2019ChelseaReal MadridEden Hazard
91%
€126M2019BenficaAtletico MadridJoão Félix
91%
€115M2021Inter MilanChelseaRomelu Lukaku
88%
€105M2017Borussia DortmundBarcelonaOusmane Dembélé
79%

Score Distribution

Percentile by Number Answered

Percent of People with Each Score

Your Score History

You have not taken this quiz